LEADER 01178nam a2200277 u 4500 001 000000119228 003 CaOOAMICUS 005 20100115132247.0 008 100115t2005 it k u000 u ita u 020 $a88-339-1588-3 040 $aPUL$bita$dReb 100 1 $aLolli, Gabriele.$0(OLS)http://pul/name/40490 245 10$aQED :$bfenomenologia della dimostrazione /$cGabriele Lolli. 260 $aTorino :$bBollati Boringhieri,$c©2005. 300 $a182 p. :$bform. ;$c22 cm 490 1 $aSaggi 504 $aBibliografia in nota. 650 4$aMatematica$xDimostrazioni.$0(OLS)http://pul/subject/36278 650 4$aMatematica$xFilosofia.$0(OLS)http://pul/subject/20379 830 0$aSaggi (Bollati Boringhieri)$pScienze.$0(OLS)http://pul/title/150034 850 $aPUL 852 $aPUL$W1$xSL Cons. Gen., Altre Classi 3$y75$m511. 3 LOLGA 3$j136825$qDDC 21$B135847$CPULBib$Z2$F135847 $H111980 $82 941 1 $a9 996 $6020$a88-339-1588-3$9(OLS)http://pul/number/142974 996 $6245$aQED :$bfenomenologia della dimostrazione$9(OLS)http://pul/title/150033 996 $6260$aTorino :$bBollati Boringhieri$9(OLS)http://pul/publisher/47883 LEADER 01315nam a2200265 a 4500 001 000000157931 003 CaOOAMICUS 005 20170118181300.0 008 170118s1939 it m 001 u ita r 032 $aLibriCat 040 $aPUL$bita 100 1 $aAndreolli, Giuseppe.$0(OLS)http://pul/name/100837 245 13$aLa soprannaturalitą oggettiva ed entitativa dell'atto della caritą secondo Francesco de Vittoria o.p. / $cGiuseppe Andreoli. 260 $aTrento :$bScuola Tip. Edit. Artigianelli,$c1939. 300 $a52 p. ;$c24 cm. 502 $aEstratto di Tesi -- Pontificia Universitas Gregoriana. Facultas Iuris Canonici. 1939. 504 $aBibliografia in nota a pič pagina. 600 04$aFrancisco de Vitoria,$cO.P.,$d1486-1546.$0(OLS)http://pul/subject/13785 710 2 $aPontificia Universitą Gregoriana.$bFacoltą di diritto canonico.$kTesi.$0(OLS)http://pul/name/81757 850 $aPUL 852 $aPUL$W1$xDP1 Tesi Pon. Univ. Gregoriana$y40$mTH PUG 215$j181260$qTesi$B184394$CPULBib$Z2$F184394 $82 941 1 $a16 996 $6245$aLa soprannaturalitą oggettiva ed entitativa dell'atto della caritą secondo Francesco de Vittoria o.p. / $9(OLS)http://pul/title/197521 996 $6260$aTrento :$bScuola Tip. Edit. Artigianelli$9(OLS)http://pul/publisher/85889